Southville International School and Colleges
Your cart is empty.
  • Cart
  • Lists
    Public lists Eva Luna New books Lux_list list_1
    Your lists Log in to create your own lists
  • Log in to your account
  • Your cookies
  • Search history
Southville International School and Colleges
  • Advanced search
  • Recent comments
  • Most popular
  • Libraries

Log in to your account

Log in with GOOGLE


If you do not have an external account, but do have a local account, you can still log in:

  1. Home
  2. MARC view: Academic writing :
Normal view MARC view ISBD view

Academic writing : (Record no. 39473)

[ view plain ]
MARC details
000 -LEADER
fixed length control field 01007nam a2200217 a 4500
005 - DATE AND TIME OF LATEST TRANSACTION
control field 20140311163021.0
008 - FIXED-LENGTH DATA ELEMENTS--GENERAL INFORMATION
fixed length control field 121013s19uu xx 00 eng d
020 ## - INTERNATIONAL STANDARD BOOK NUMBER
International Standard Book Number 9780415595803
050 ## - LIBRARY OF CONGRESS CALL NUMBER
Classification number PN 151
Item number .B26 2011
100 ## - MAIN ENTRY--PERSONAL NAME
Personal name Bailey, Stephen
245 ## - TITLE STATEMENT
Title Academic writing :
Remainder of title a handbook for international students /
Statement of responsibility, etc Stephen Bailey.
250 ## - EDITION STATEMENT
Edition statement 3rd ed.
260 ## - PUBLICATION, DISTRIBUTION, ETC. (IMPRINT)
Place of publication, distribution, etc Milton Park, Abingdon, Oxon ; New York :
Name of publisher, distributor, etc Routledge,
Date of publication, distribution, etc 2011.
300 ## - PHYSICAL DESCRIPTION
Extent 293 p. :
Other physical details ill. ;
Dimensions 24 cm.
520 ## - SUMMARY, ETC.
Summary, etc Clearly organised into four parts, this new edition allows teachers and students to quickly find help they need with all writing tasks. Each part is divided into short sections containing explanations, diagrams and practice exercises, for use in the classroom or for self-study.
650 ## - SUBJECT ADDED ENTRY--TOPICAL TERM
Topical term or geographic name as entry element English language
General subdivision Rhetoric
-- Handbooks, manuals, etc.
650 ## - SUBJECT ADDED ENTRY--TOPICAL TERM
Topical term or geographic name as entry element English language
General subdivision Textbooks for foreign speakers
650 ## - SUBJECT ADDED ENTRY--TOPICAL TERM
Topical term or geographic name as entry element Academic writing
General subdivision Handbooks, manuals, etc
942 ## - ADDED ENTRY ELEMENTS (KOHA)
Koha item type Books
Source of classification or shelving scheme Library of Congress Classification
Call number prefix Foreign
Holdings
Withdrawn status Lost status Source of classification or shelving scheme Damaged status Home library Current library Shelving location Date acquired Source of acquisition Cost, normal purchase price Total Checkouts Total Renewals Full call number Barcode Date last seen Date checked out Copy number Price effective from Koha item type
    Library of Congress Classification   Archives Archives   10/13/2012 Donation 2239.00 6 35 PN 151 .B26 2011 C16375 09/16/2019 08/28/2019 1 10/10/2013 Books

Academic writing :

APA

Bailey S., . (2011). Academic writing. Milton Park, Abingdon, Oxon ; New York: Routledge.

Chicago

Bailey Stephen, . 2011. Academic writing. Milton Park, Abingdon, Oxon ; New York: Routledge.

Harvard

Bailey S., . (2011). Academic writing. Milton Park, Abingdon, Oxon ; New York: Routledge.

MLA

Bailey Stephen, . Academic writing. Milton Park, Abingdon, Oxon ; New York: Routledge. 2011.

  • Place hold
  • Print
  • Cite
  • Add to your cart (remove)
  • Save record
    BIBTEX Dublin Core MARCXML MARC (non-Unicode/MARC-8) MARC (Unicode/UTF-8) MARC (Unicode/UTF-8, Standard) MODS (XML) RIS
  • More searches
    Search for this title in:
    Other Libraries (WorldCat) Other Databases (Google Scholar) Online Stores (Bookfinder.com) Open Library (openlibrary.org)

Exporting to Dublin Core...

SOUTHVILLE LIBRARY

Southville International School and Colleges Library

1281 Tropical Ave. Cor. Luxembourg St., BF Homes International, Las Pinas City

Tel. No. 8256374 / 252358 Loc. 117/146

Powered by Koha